UBT Library

Understanding non-Western philosophy : (Record no. 582)

000 -LEADER
fixed length control field 00586nam a22001937a 4500
008 - FIXED-LENGTH DATA ELEMENTS--GENERAL INFORMATION
fixed length control field 150330b xxu||||| |||| 00| 0 eng d
020 ## - INTERNATIONAL STANDARD BOOK NUMBER
International Standard Book Number 1559340770
041 0# - LANGUAGE CODE
Language code of text/sound track or separate title eng
080 ## - UNIVERSAL DECIMAL CLASSIFICATION NUMBER
Universal Decimal Classification number 101
245 00 - TITLE STATEMENT
Title Understanding non-Western philosophy :
Statement of responsibility, etc edited by Daniel Bonevac, Stephen Phillips.
260 ## -
-- Mountain View, Calif. :
-- Mayfield,
-- 1993.
300 ## -
-- 350 f.:
-- me il.;
-- 24 cm.
500 ## -
-- Preface: f.IX-XIII
505 ## -
-- Index: f.347-350
650 ## -
-- Filozofi
700 1# -
-- Bonevac, Daniel A.,
700 1# -
-- Phillips, Stephen H.,
942 ## - ADDED ENTRY ELEMENTS (KOHA)
Source of classification or shelving scheme
Item type Books
Holdings
Withdrawn status Lost status Source of classification or shelving scheme Damaged status Not for loan Collection code Permanent location Current location Shelving location Date acquired Total Checkouts Full call number Barcode Date last seen Koha item type Price effective from
          Koleksioni i përgjithshem UBT - Lipjan UBT - Lipjan Koleksioni i përgjithshem 03/30/2015   101 BON 002-008264 03/30/2015 Books  
          Koleksioni i përgjithshem UBT - Lipjan UBT - Lipjan Koleksioni i përgjithshem 10/05/2015   101 BON 002-008353 10/05/2015 Books 10/05/2015
          Koleksioni i përgjithshem UBT - Lipjan UBT - Lipjan Koleksioni i përgjithshem 10/05/2015   101 BON 002-008354 10/05/2015 Books 10/05/2015
          Koleksioni i përgjithshem UBT - Lipjan UBT - Lipjan Koleksioni i përgjithshem 10/05/2015   101 BON 002-008355 10/05/2015 Books 10/05/2015
          Koleksioni i përgjithshem UBT - Lipjan UBT - Lipjan Koleksioni i përgjithshem 10/05/2015   101 BON 002-008356 10/05/2015 Books 10/05/2015
          Koleksioni i përgjithshem UBT - Lipjan UBT - Lipjan Koleksioni i përgjithshem 10/05/2015   101 BON 002-008357 10/05/2015 Books 10/05/2015
          Koleksioni i përgjithshem UBT - Lipjan UBT - Lipjan Koleksioni i përgjithshem 10/05/2015   101 BON 002-008358 10/05/2015 Books 10/05/2015
          Koleksioni i përgjithshem UBT - Lipjan UBT - Lipjan Koleksioni i përgjithshem 10/05/2015   101 BON 002-008359 10/05/2015 Books 10/05/2015
          Koleksioni i përgjithshem UBT - Lipjan UBT - Lipjan Koleksioni i përgjithshem 10/05/2015   101 BON 002-008360 10/05/2015 Books 10/05/2015
          Koleksioni i përgjithshem UBT - Lipjan UBT - Lipjan Koleksioni i përgjithshem 10/05/2015   101 BON 002-008361 10/05/2015 Books 10/05/2015
          Koleksioni i përgjithshem UBT - Lipjan UBT - Lipjan Koleksioni i përgjithshem 10/05/2015   101 BON 002-008362 10/05/2015 Books 10/05/2015
          Koleksioni i përgjithshem UBT - Lipjan UBT - Lipjan Koleksioni i përgjithshem 10/05/2015   101 BON 002-008363 10/05/2015 Books 10/05/2015
          Koleksioni i përgjithshem UBT - Lipjan UBT - Lipjan Koleksioni i përgjithshem 10/05/2015   101 BON 002-008364 10/05/2015 Books 10/05/2015
          Koleksioni i përgjithshem UBT - Lipjan UBT - Lipjan Koleksioni i përgjithshem 10/05/2015   101 BON 002-008365 10/05/2015 Books 10/05/2015
          Koleksioni i përgjithshem UBT - Lipjan UBT - Lipjan Koleksioni i përgjithshem 10/05/2015   101 BON 002-008366 10/05/2015 Books 10/05/2015
          Koleksioni i përgjithshem UBT - Lipjan UBT - Lipjan Koleksioni i përgjithshem 10/05/2015   101 BON 002-008367 10/05/2015 Books 10/05/2015
          Koleksioni i përgjithshem UBT - Lipjan UBT - Lipjan Koleksioni i përgjithshem 10/05/2015   101 BON 002-008368 10/05/2015 Books 10/05/2015
          Koleksioni i përgjithshem UBT - Lipjan UBT - Lipjan Koleksioni i përgjithshem 10/05/2015   101 BON 002-008369 10/05/2015 Books 10/05/2015
          Koleksioni i përgjithshem UBT - Lipjan UBT - Lipjan Koleksioni i përgjithshem 10/05/2015   101 BON 002-008370 10/05/2015 Books 10/05/2015
          Koleksioni i përgjithshem UBT - Lipjan UBT - Lipjan Koleksioni i përgjithshem 10/05/2015   101 BON 002-008371 10/05/2015 Books 10/05/2015
          Koleksioni i përgjithshem UBT - Lipjan UBT - Lipjan Koleksioni i përgjithshem 10/05/2015   101 BON 002-008372 10/05/2015 Books 10/05/2015
          Koleksioni i përgjithshem UBT - Lipjan UBT - Lipjan Koleksioni i përgjithshem 10/05/2015   101 BON 002-008373 10/05/2015 Books 10/05/2015
          Koleksioni i përgjithshem UBT - Lipjan UBT - Lipjan Koleksioni i përgjithshem 10/05/2015   101 BON 002-008374 10/05/2015 Books 10/05/2015
          Koleksioni i përgjithshem UBT - Lipjan UBT - Lipjan Koleksioni i përgjithshem 10/05/2015   101 BON 002-008375 10/05/2015 Books 10/05/2015
          Koleksioni i përgjithshem UBT - Lipjan UBT - Lipjan Koleksioni i përgjithshem 10/05/2015   101 BON 002-008376 10/05/2015 Books 10/05/2015
          Koleksioni i përgjithshem UBT - Lipjan UBT - Lipjan Koleksioni i përgjithshem 10/05/2015   101 BON 002-008377 10/05/2015 Books 10/05/2015
          Koleksioni i përgjithshem UBT - Lipjan UBT - Lipjan Koleksioni i përgjithshem 10/05/2015   101 BON 002-008378 10/05/2015 Books 10/05/2015
          Koleksioni i përgjithshem UBT - Lipjan UBT - Lipjan Koleksioni i përgjithshem 10/05/2015   101 BON 002-008379 10/05/2015 Books 10/05/2015
          Koleksioni i përgjithshem UBT - Lipjan UBT - Lipjan Koleksioni i përgjithshem 10/05/2015   101 BON 002-008380 10/05/2015 Books 10/05/2015
          Koleksioni i përgjithshem UBT - Lipjan UBT - Lipjan Koleksioni i përgjithshem 10/05/2015   101 BON 002-008381 10/05/2015 Books 10/05/2015
          Koleksioni i përgjithshem UBT - Lipjan UBT - Lipjan Koleksioni i përgjithshem 10/05/2015   101 BON 002-008382 10/05/2015 Books 10/05/2015
          Koleksioni i përgjithshem UBT - Lipjan UBT - Lipjan Koleksioni i përgjithshem 10/05/2015   101 BON 002-008383 10/05/2015 Books 10/05/2015
          Koleksioni i përgjithshem UBT - Lipjan UBT - Lipjan Koleksioni i përgjithshem 10/05/2015   101 BON 002-008384 10/05/2015 Books 10/05/2015
          Koleksioni i përgjithshem UBT - Lipjan UBT - Lipjan Koleksioni i përgjithshem 01/17/2018   181 BON 002-2995644 01/17/2018 Books 01/17/2018
          Koleksioni i përgjithshem UBT - Lipjan UBT - Lipjan Koleksioni i përgjithshem 01/19/2018   181 BON 002-2995824 01/19/2018 Books 01/19/2018
          Koleksioni i përgjithshem UBT - Lipjan UBT - Lipjan Koleksioni i përgjithshem 01/19/2018   181 BON 002-2995863 01/19/2018 Books 01/19/2018
          Koleksioni i përgjithshem UBT - Lipjan UBT - Lipjan Koleksioni i përgjithshem 01/19/2018   181 BON 002-2995858 01/19/2018 Books 01/19/2018
          Koleksioni i përgjithshem UBT - Lipjan UBT - Lipjan Koleksioni i përgjithshem 02/07/2018   181 BON 002-2998986 02/07/2018 Books 02/07/2018
          Koleksioni i përgjithshem UBT - Lipjan UBT - Lipjan Koleksioni i përgjithshem 02/07/2018   181 BON 002-2998991 02/07/2018 Books 02/07/2018
UBT Library © 2015-2024. All rights reserved University Education for Business and Technology